03527nam a2200325 i 4500003000900000005001700009007000300026008004100029020001800070040003000088041000800118082001900126100004500145245006500190264004700255300002800302336002700330337003300357338002800390500005800418520202400476590002702500910001402527942001402541952016602555952016602721952015402887952014303041999001703184DO-SdBNP20250915110718.0ta150603s2015 dr 000 f spa d a9789945408928 aDO-SdBNPbspacBNPHUerda aspa axxxxbG6332221 aGómez Cerda, Joséeautor4aut.9858310a¡Mirar siempre adelante! :bnovela /cJosé Goméz Cerda. 4aSanto Domingo :bEditorial Argos,c©2015. a150 páginas ;c22 cm. atextobtxt2rdacontent asin mediaciónbn2rdamedia avolumenbnc2rdacarrier aIncluye datos biográficos del autor en las solapas. aMirar siempre adelante» está escrita en el género del Realismo Crítico, un tránsito de lo explícito a lo implícito, de lo que se expresa claro en una cosa a lo que se entiende incluido en otra, sin expresarlo, se da cuando nuestras facultades cognoscitivas, lo que es capaz de conocer, capta lo real de un dato o principio de naturaleza, va hacia lo que es una reflexión. La novela refleja la realidad política, económica y social de la República Dominicana. Esta obra muestra una relación de personajes, su entorno político, económico y social, del cual son exponentes, como testimonios de una época. Analiza, reproduce y denuncia los males que aquejan a nuestra sociedad. ¡Mirar siempre adelante! trata sobre temas de actualidad como la política, el poder legislativo, la economía, la corrupción, la educación, la seguridad social, el sindicalismo y otros temas de la sociedad dominicana, narrada por personajes que exponen sus criterios. La obra refleja situaciones reales, con críticas, propuestas; principios y valores del humanismo integral. ¡Mirar siempre adelante! Es una obra que establece lineamientos humanistas para jóvenes que están en la política activa; es un análisis e interpretación de la realidad dominicana, que puede servir de ejemplo para una nueva forma y estilo de enfrentar los problemas, con soluciones eficaces. Los principales protagonistas son jóvenes, de formación superior, que se comprometen con la actividad política, con una nueva y moderna concepción que debe ser honesta, responsable, a favor de los más pobres. El espacio de la trama se desarrolla en la República Dominicana, refleja la actualidad de hoy y aquí. El realismo crítico equivale a juzgar, conforme a las exigencias del objeto que está sujeto a examen. Las razones de la crítica parten de una concepción consciente verificable. La percepción es esa sensación anterior que resulta de una impresión material hecha en nuestros sentidos. aInventariado, 2025/ YL aYLockward 2ddccLBS1 00102ddc51708PDaBNPHUbBNPHUcCTd2015-05-14eDepósito LegaliLF1l0oBNPHU PD xxxx xxxxp45957-20r2020-06-25te. 2w2020-06-25yLBS1ZPréstamo en sala 00102ddc56708DSaBNPHUbBNPHUcCTd2015-05-14eDepósito LegaliLF1l0oBNPHU DS xxxx xxxxp45957-30r2020-06-25te. 3w2020-06-25yLBS1ZPréstamo en sala 00102ddc51708PDaBNPHUbBNPHUcCTd2015-05-14eDepósito LegaliLF1l0oBNPHU PD xxxx xxxxp45957-10r2020-06-25w2020-06-25yLBS1ZNo se presta 00102ddc56708DSaBNPHUbBNPHUcCTd2023-11-22eDonación iLF1l0oBNPHU DS xxxx xxxxp2025-10079r2025-09-15te. 4w2025-09-15yLBS1 c45446d45446